000
00253nam a2200121Ia 4500
100
_a
Teicholz/Eric
942
_c
RB
654
_a
CAD
245
_a
CAD/CAM Handbook
260
_b
McGraw Hill
_a
New York
_c
1985
082
_a
1.535
_b
TEI
546
_a
ENGLISH
999
_c
34404
_d
34404